000 00255nmm a2200085Ia 4500
008 220120s9999||||xx |||||||||||||||||und||
100 _aPC QUEST - Professional
_911062
245 0 _awireless network management tools; Multimedia tools, hot uti
260 _c2008
999 _c139227
_d139227